Proyectos ambientales escolares (Registro nro. 7993)

Detalles MARC
000 -CABECERA
Campo de control 00506nmm a22001817a 4500
005 - FECHA Y HORA DE LA ULTIMA TRANSACCION
Campo de control 20131203160146.0
008 - ELEMENTOS DE LONGITUD FIJA—INFORMACION GENERAL
Campo de control 131203b2009 ck ||||| |||| 00| 0 spa d
041 ## - IDIOMA
Código de idioma para texto/pista de sonido o título separado Español
044 ## - PAÍS DE PUBLICACIÓN
País de publicación Colombia
090 ## - CLASIFICACIÓN LOCAL
Colección LB
Consecutivo 05831
110 ## - ASIENTO PRINCIPAL--NOMBRE CORPORATIVO
Nombre corporativo o de jurisdicción como elemento de entrada Corporación Autónoma Regional de Cundinamarca
245 ## - MENCION DE TITULO
Título Proyectos ambientales escolares
250 ## - MENCION DE EDICION
Mención de edición Farid Daza
260 ## - PUBLICACION, DISTRIBUCION, ETC. (PIE DE IMPRENTA)
Lugar de publicación, distribución, etc. s.l.
Nombre del editor, distribuidor, etc. CAR
-- ASOAN
Fecha de publicación, distribución, etc. 2009
300 ## - DESCRIPCION FISICA
Extensión 28 min.,
Dimensiones 13 cm
700 ## - ASIENTO SECUNDARIO - NOMBRE PERSONAL
Nombre personal Editores Farid daza, Mauricio Rodríguez
942 ## - ELEMENTOS ADICIONALES (KOHA)
Sistema de clasificación Local
Tipo de ítem CD-ROM
Existencias
Withdrawn status Lost status Sistema de Clasificación Damaged status No para préstamo Colección Ubicación Permanente Ubicación actual Fecha de adquisición Total Checkouts Número topográfico Inventario / Código de Barras Date last seen Ejemplar Price effective from Forma de adquisición Tipo de material Public note
    Local     Audiovisual Bogotá Bogotá 03/12/2013   LB-05831 058835 03/12/2013 V. 1 Ej. 1 03/12/2013   CD-ROM Video multimodal de prae
    Local     Audiovisual Bogotá Bogotá 03/12/2013   LB-05831 058836 03/12/2013 V. 2 Ej. 1 03/12/2013   CD-ROM Herramienta interactiva de Formulación de prae